[Event "Hebraica op 26th"]
[Site "Hebraica"]
[Date "2019.01.13"]
[Round "5"]
[White "Fujita, Daniela Miwa"]
[Black "Canonico, Rodrigo"]
[Result "1-0"]
[WhiteElo "1522"]
[BlackElo "1728"]
[PlyCount "104"]
[EventDate "2019.01.11"]
[EventType "swiss"]
[EventRounds "6"]
[EventCountry "BRA"]
[SourceTitle "EXT 2020"]
[Source "ChessBase"]
[SourceDate "2019.10.17"]
[SourceVersion "1"]
[SourceVersionDate "2019.10.17"]
[SourceQuality "1"]

1. e4 e5 2. Nf3 Nc6 3. Bb5 f5 4. d3 fxe4 5. dxe4 Nf6 6. Nbd2 Bc5 7. 0-0 d6 8. h3 0-0 9. a3 Be6 10. Qe2 Nd4 11. Nxd4 Bxd4 12. Nf3 Bb6 13. Ng5 Qc8 14. Nxe6 Qxe6 15. Bc4 d5 16. exd5 Nxd5 17. Be3 Rf6 18. Bxb6 axb6 19. Rfe1 Re8 20. Rad1 c6 21. Qe4 Ref8 22. f3 Rf4 23. Bxd5 cxd5 24. Qxd5 Re8 25. Rxe5 Qxd5 26. Rxe8+ Kf7 27. Rxd5 Kxe8 28. Kf2 Rf6 29. Rd3 Ke7 30. a4 Rc6 31. Rc3 Rd6 32. Rc7+ Kf6 33. Rxb7 Rd2+ 34. Kg3 Rd6 35. Rc7 h6 36. Rc3 g5 37. Rd3 Rc6 38. c3 Ke5 39. Rd4 Kf5 40. h4 Re6 41. hxg5 hxg5 42. Kf2 Rc6 43. Rd5+ Kf6 44. a5 bxa5 45. Rxa5 Rb6 46. b4 Rc6 47. Rc5 Rd6 48. Rc4 Rb6 49. Kg3 Kf5 50. Rc5+ Kf6 51. Kg4 Kg6 52. Rxg5+ Kh6 1-0

[Event "Sao Paulo op-C U1700 7th"]
[Site "Sao Paulo"]
[Date "2018.03.31"]
[Round "3"]
[White "Fujita, Daniela Miwa"]
[Black "Cordioli, Joao Pedro Ribeiro"]
[Result "1/2-1/2"]
[WhiteElo "1494"]
[BlackElo "1756"]
[PlyCount "88"]
[EventDate "2018.03.30"]
[EventType "swiss"]
[EventRounds "6"]
[EventCountry "BRA"]
[SourceTitle "EXT 2021"]
[Source "ChessBase"]
[SourceDate "2020.10.23"]
[SourceVersion "1"]
[SourceVersionDate "2020.10.23"]
[SourceQuality "1"]

1. e4 e5 2. Nf3 Nc6 3. Bb5 Nf6 4. d3 d6 5. c3 Be7 6. 0-0 0-0 7. Re1 Bg4 8. h3 Bxf3 9. Qxf3 d5 10. exd5 Qxd5 11. Qxd5 Nxd5 12. d4 Bd6 13. Bxc6 bxc6 14. dxe5 Rfe8 15. Na3 Bxe5 16. Bd2 Nf4 17. Nc4 Rad8 18. Be3 Nd3 19. Red1 a6 20. Nxe5 Rxe5 21. Rd2 h6 22. Bd4 Nf4 23. Bxe5 Nxh3+ 24. gxh3 Rxd2 25. Rb1 Rd7 26. Bd4 f5 27. Kg2 Kf7 28. Kf3 g5 29. Rg1 Rd5 30. Be3 Kg6 31. Bc1 Rd3+ 32. Kg2 Kh5 33. Rh1 f4 34. f3 Kh4 35. Re1 h5 36. Rh1 a5 37. a3 c5 38. Kf2 c4 39. a4 c5 40. Ke2 Rd5 41. Kf2 Rd3 42. Kg2 Rd5 43. Kf2 Rd3 44. Kg2 Rd5 1/2-1/2

[Event "BRA-ch Amateur U1800"]
[Site "Sao Paulo"]
[Date "2017.10.13"]
[Round "3"]
[White "Fujita, Daniela Miwa"]
[Black "Santana, Expedito"]
[Result "1/2-1/2"]
[WhiteElo "1524"]
[BlackElo "1620"]
[PlyCount "118"]
[EventDate "2017.10.12"]
[EventType "swiss"]
[EventRounds "7"]
[EventCountry "BRA"]
[SourceTitle "EXT 2019"]
[Source "ChessBase"]
[SourceDate "2018.10.10"]
[SourceVersion "1"]
[SourceVersionDate "2018.10.10"]
[SourceQuality "1"]

1. e4 c6 2. d4 d5 3. exd5 cxd5 4. Bd3 Nf6 5. h3 g6 6. Nf3 Bg7 7. 0-0 Qc7 8. c3 0-0 9. Be3 Nbd7 10. Na3 a6 11. Re1 Re8 12. Qc1 Nh5 13. Bg5 e5 14. dxe5 Nxe5 15. Nxe5 Rxe5 16. Qd2 Bd7 17. Be3 Nf6 18. Nc2 Ree8 19. Rad1 Rad8 20. Bd4 Be6 21. Be5 Qc8 22. Bxf6 Bxf6 23. Bf1 Qc7 24. Nd4 Bc8 25. Nf3 Bf5 26. Rxe8+ Rxe8 27. Bd3 Be6 28. Bf1 Qa5 29. Ra1 Rd8 30. Nd4 Bc8 31. Qe2 Qb6 32. Rd1 Bxd4 33. Rxd4 Be6 34. Qd2 Kg7 35. Rh4 h5 36. Qd4+ Qxd4 37. Rxd4 b5 38. a4 Rb8 39. Rb4 Bd7 40. axb5 axb5 41. c4 dxc4 42. Bxc4 Kf6 43. Kf1 Be8 44. Ke2 Ke5 45. Ke3 g5 46. Be2 f5 47. f4+ gxf4+ 48. Rxf4 b4 49. Rh4 b3 50. Bxh5 Bxh5 51. Rxh5 Kf6 52. g4 fxg4 53. hxg4 Kg6 54. Re5 Kf6 55. Rf5+ Ke7 56. Rf3 Rb5 57. Kf2 Kd7 58. Kg3 Ke6 59. Kf2 Ke7 1/2-1/2

[Event "Sao Paulo-C U1700 op 5th"]
[Site "Sao Paulo"]
[Date "2016.10.16"]
[Round "5.26"]
[White "Ninomiya, Arthur Seigo"]
[Black "Fujita, Daniela Miwa"]
[Result "0-1"]
[WhiteElo "1734"]
[BlackElo "1486"]
[PlyCount "66"]
[EventDate "2016.10.13"]
[EventType "swiss"]
[EventRounds "6"]
[EventCountry "BRA"]
[SourceTitle "EXT 2022"]
[Source "ChessBase"]
[SourceDate "2021.10.06"]
[SourceVersion "1"]
[SourceVersionDate "2021.10.06"]
[SourceQuality "1"]

1. e4 c5 2. Nf3 e6 3. Nc3 d6 4. d4 cxd4 5. Nxd4 Nc6 6. Nb3 Nf6 7. Be3 Be7 8. Bd3 0-0 9. f4 a6 10. g4 Ne8 11. g5 f6 12. g6 h6 13. f5 Ne5 14. Bxh6 gxh6 15. g7 Nxg7 16. Rg1 Kh7 17. Nd4 exf5 18. exf5 Qb6 19. Nf3 Nxf3+ 20. Qxf3 Qxg1+ 21. Bf1 Qxh2 22. 0-0-0 Bxf5 23. Bg2 Rab8 24. Rh1 Qe5 25. Qf2 Bg6 26. Re1 Qg5+ 27. Kb1 Rfe8 28. Ne4 Bxe4 29. Bxe4+ f5 30. Bd5 Bf8 31. Rg1 Qe3 32. Rxg7+ Kxg7 33. Qg2+ Qg5 0-1

[Event "Sao Paulo op-B U2050 4th"]
[Site "Sao Paulo"]
[Date "2016.03.24"]
[Round "1"]
[White "De Carvalho, Igor Lorenzon"]
[Black "Fujita, Daniela Miwa"]
[Result "1-0"]
[WhiteElo "1970"]
[BlackElo "1490"]
[PlyCount "103"]
[EventDate "2016.03.24"]
[EventType "swiss"]
[EventRounds "7"]
[EventCountry "BRA"]
[SourceTitle "CBM 171 Extra"]
[Source "ChessBase"]
[SourceDate "2016.04.26"]
[SourceVersion "1"]
[SourceVersionDate "2016.04.26"]
[SourceQuality "1"]

1. d4 Nf6 2. Nf3 g6 3. Nc3 Bg7 4. e4 d6 5. h3 0-0 6. Be3 Nbd7 7. Qd2 a6 8. e5 Ne8 9. Bh6 c6 10. h4 Nc7 11. Bxg7 Kxg7 12. h5 Rh8 13. 0-0-0 b5 14. Qg5 Ne6 15. Qh4 d5 16. Bd3 Ndf8 17. Ne2 Bd7 18. Ng3 Kg8 19. hxg6 fxg6 20. Qh6 Qe8 21. Rh4 Qf7 22. Rdh1 Qg7 23. Qe3 Re8 24. Rh6 Nd8 25. Nh4 Nf7 26. Nf3 Nxh6 27. Rxh6 Ne6 28. Nh4 Nf8 29. Nf3 Rd8 30. Rh1 Ne6 31. Nh2 Qf7 32. Ne2 Rf8 33. Ng4 Qe8 34. Nh6+ Kg7 35. Ng3 Nf4 36. Rh4 Nxg2 37. Nh5+ gxh5 38. Qg5+ Qg6 39. Bxg6 hxg6 40. Rh2 Re8 41. Rxg2 Rxh6 42. f4 Kh7 43. Re2 Kg7 44. e6 Bc8 45. f5 Rf8 46. Qxe7+ Kg8 47. f6 Rh7 48. f7+ Kg7 49. Qxf8+ Kxf8 50. e7+ Kxf7 51. e8Q+ Kg7 52. Qxc8 1-0

[Event "Sao Paulo op-B 3rd"]
[Site "Sao Paulo"]
[Date "2015.09.20"]
[Round "6"]
[White "Fujita, Daniela Miwa"]
[Black "Passos Coutinho, Eduardo"]
[Result "0-1"]
[WhiteElo "1456"]
[BlackElo "1808"]
[PlyCount "86"]
[EventDate "2015.09.17"]
[EventType "swiss"]
[EventRounds "6"]
[EventCountry "BRA"]
[SourceTitle "EXT 2016"]
[Source "ChessBase"]
[SourceDate "2015.10.08"]
[SourceVersion "1"]
[SourceVersionDate "2015.10.08"]
[SourceQuality "1"]

1. Nf3 Nf6 2. g3 g6 3. Bg2 Bg7 4. 0-0 0-0 5. d3 d5 6. Nbd2 c6 7. e4 dxe4 8. dxe4 Qa5 9. Qe2 Nbd7 10. Rd1 Nc5 11. Nd4 Ng4 12. N4b3 Nxb3 13. Nxb3 Qb6 14. c3 e5 15. h3 Nf6 16. Be3 Qc7 17. Rd3 b6 18. c4 Ba6 19. Qc2 Rfd8 20. Rad1 Qe7 21. Rxd8+ Rxd8 22. Rxd8+ Qxd8 23. Nd2 Ne8 24. b3 Nc7 25. Nf1 Ne6 26. Qd2 Nd4 27. Bxd4 exd4 28. f4 c5 29. Nh2 Bb7 30. a3 Qe7 31. e5 Bxg2 32. Qxg2 Qd7 33. Nf1 h5 34. Kh2 Kh7 35. Qd5 Qf5 36. Qg2 f6 37. exf6 Bxf6 38. Qe2 h4 39. Qf2 hxg3+ 40. Nxg3 Qd3 41. Qa2 Bh4 42. Ne2 Qf3 43. Ng1 Bg3# 0-1

[Event "Sao Paulo op-B 3rd"]
[Site "Sao Paulo"]
[Date "2015.09.20"]
[Round "5"]
[White "Lima, Vinicius Taishun"]
[Black "Fujita, Daniela Miwa"]
[Result "0-1"]
[WhiteElo "1676"]
[BlackElo "1456"]
[PlyCount "134"]
[EventDate "2015.09.17"]
[EventType "swiss"]
[EventRounds "6"]
[EventCountry "BRA"]
[SourceTitle "EXT 2016"]
[Source "ChessBase"]
[SourceDate "2015.10.08"]
[SourceVersion "1"]
[SourceVersionDate "2015.10.08"]
[SourceQuality "1"]

1. e4 c5 2. Nf3 e6 3. d4 cxd4 4. Nxd4 Nf6 5. Nc3 d6 6. Be3 Be7 7. f3 0-0 8. Qd2 a6 9. 0-0-0 b5 10. Kb1 b4 11. Nce2 a5 12. Nb5 d5 13. exd5 Nxd5 14. Bd4 a4 15. c3 bxc3 16. Nexc3 Nxc3+ 17. Qxc3 e5 18. Qc7 exd4 19. Rxd4 Qxc7 20. Nxc7 Ra5 21. Bb5 a3 22. b4 Ra7 23. Nd5 Rb7 24. Nxe7+ Rxe7 25. Rhd1 Bf5+ 26. Ka1 Rc7 27. g4 Be6 28. Kb1 g6 29. Rd8 Rc8 30. R8d6 Kg7 31. h4 Bc4 32. Bxc4 Rxc4 33. R6d4 Rfc8 34. b5 Rxd4 35. Rxd4 Rc5 36. Rb4 Kf8 37. Rb3 Ke7 38. Rxa3 Rxb5+ 39. Rb3 Rxb3+ 40. axb3 Nd7 41. b4 Ke6 42. Kc2 Ke5 43. Kd3 Nf6 44. g5 Nd5 45. b5 Kd6 46. b6 Nxb6 47. f4 Ke6 48. Ke3 Kf5 49. Kf3 Nd5 50. Kg3 Nxf4 51. Kf3 Nh5 52. Ke3 Kg4 53. Ke4 Kxh4 54. Ke5 Kxg5 55. Ke4 f5+ 56. Kf3 Kf6 57. Kf2 g5 58. Kg2 g4 59. Kf2 f4 60. Kg2 Kf5 61. Kf2 f3 62. Kf1 Nf4 63. Kf2 Ne2 64. Kf1 Kf4 65. Kf2 g3+ 66. Kf1 g2+ 67. Kf2 g1Q# 0-1

[Event "Sao Paulo Hebraica op 20th"]
[Site "Sao Paulo"]
[Date "2015.06.05"]
[Round "3"]
[White "Fujita, Daniela Miwa"]
[Black "Silvestre, Gilmar Severino"]
[Result "0-1"]
[WhiteElo "1410"]
[BlackElo "1707"]
[PlyCount "38"]
[EventDate "2015.06.04"]
[EventType "swiss"]
[EventRounds "6"]
[EventCountry "BRA"]
[SourceTitle "CBM 166 Extra"]
[Source "ChessBase"]
[SourceDate "2015.06.18"]
[SourceVersion "1"]
[SourceVersionDate "2015.06.18"]
[SourceQuality "1"]

1. Nf3 d5 2. g3 Nf6 3. Bg2 Be6 4. 0-0 Qc8 5. d3 Bh3 6. Nbd2 Bxg2 7. Kxg2 e6 8. e4 Be7 9. Qe2 0-0 10. exd5 Nxd5 11. Ne4 Re8 12. a3 c5 13. Bd2 Nc6 14. Rab1 Nd4 15. Nxd4 cxd4 16. Rbc1 Qc6 17. c3 dxc3 18. Nxc3 Nf4+ 19. Kg1 Qg2# 0-1